[Event "Budapest Spring Festival 2019"]
[Site "Budapest"]
[Date "2019.04.10"]
[Round "2.36"]
[White "Wong, Jianwen"]
[Black "Shagbazyan, Taron"]
[Result "1-0"]
[WhiteElo "2185"]
[BlackElo "2429"]
[Annotator "NA"]
[PlyCount "151"]
[EventDate "2019.04.09"]
[EventType "swiss"]
[EventCountry "HUN"]
[SourceTitle "playchess.com"]
[Source "ChessBase"]
[SourceQuality "1"]
[TimeControl "40/5400+30:1800+30"]

1. c4 {[%emt 0:00:04]} e5 {[%emt 0:11:19]} 2. g3 {[%emt 0:00:08]} Nf6 {[%emt 0:00:03]} 3. Bg2 {[%emt 0:00:08]} d5 {[%emt 0:01:18]} 4. cxd5 {[%emt 0:00:12]} Nxd5 {[%emt 0:00:05]} 5. Nc3 {[%emt 0:00:09]} Nb6 {[%emt 0:00:04]} 6. Nf3 {[%emt 0:00:05]} Nc6 {[%emt 0:00:03]} 7. O-O {[%emt 0:00:08]} Be7 {[%emt 0:00:01]} 8. d3 {[%emt 0:00:07]} O-O {[%emt 0:00:05]} 9. Be3 {[%emt 0:00:05]} Be6 {[%emt 0:01:44]} 10. Rc1 {[%emt 0:00:07]} f6 {[%emt 0:07:32]} 11. Ne4 {[%emt 0:01:31] A29: English Opening: Four Knights Variation with 4 g3} (11. a3 Qd7 12. d4 exd4 13. Nxd4 Nxd4 14. Qxd4 Qxd4 15. Bxd4 c6 16. Ne4 Bd5 17. Rfd1 Rfe8 18. e3 Rad8 19. b4 Kf7 {½-½ (39) Kamsky,G (2741)-Cheparinov,I (2678) Khanty-Mansiysk 2013}) 11... a5 $146 {[%emt 0:07:10]} ({Predecessor:} 11... Nd5) 12. Nc5 {[%emt 0:14:49]} Bxc5 {[%emt 0:01:29]} 13. Bxc5 {[%emt 0:02:24]} Rf7 {[%emt 0:00:18]} 14. Nd2 {[%emt 0:08:14]} Bd5 {[%emt 0:05:13]} 15. Bh3 {[%emt 0:06:59]} f5 {[%emt 0:05:32]} 16. Nc4 {[%emt 0:09:42]} Nd7 {[%emt 0:18:29]} 17. Ne3 {[%emt 0:11:06]} Bxa2 {[%emt 0:15:20]} 18. Bxf5 {[%emt 0:15:44]} Nxc5 {[%emt 0:01:57]} 19. Rxc5 {[%emt 0:00:07]} Qf8 {[%emt 0:02:40]} 20. Rxc6 {[%emt 0:02:50]} bxc6 {[%emt 0:00:35]} 21. Qa4 {[%emt 0:02:59]} Rxf5 {[%emt 0:11:48]} 22. Nxf5 {[%emt 0:00:53]} Qxf5 {[%emt 0:00:08]} 23. Qxa2+ {[%emt 0:00:05]} Qf7 {[%emt 0:00:40]} 24. Qa3 {[%emt 0:02:33]} Qd5 {[%emt 0:04:27]} 25. Rc1 {[%emt 0:00:06]} e4 {[%emt 0:02:06]} 26. Rc5 {[%emt 0:03:17]} Qe6 {[%emt 0:00:20]} 27. d4 {[%emt 0:03:33]} Qg4 {[%emt 0:01:53]} 28. Qb3+ {[%emt 0:00:20]} Kh8 {[%emt 0:00:24]} 29. Rxa5 {[%emt 0:00:39]} Re8 {[%emt 0:00:48]} 30. Qe3 {[%emt 0:00:32]} h6 {[%emt 0:00:27]} 31. Re5 {[%emt 0:03:14]} Rxe5 {[%emt 0:00:31]} 32. dxe5 {[%emt 0:00:02]} Kg8 {[%emt 0:00:47]} 33. Qb3+ {[%emt 0:00:41]} Kh7 {[%emt 0:00:35]} 34. Qc4 {[%emt 0:01:59]} Qf5 {[%emt 0:00:12]} 35. e6 {[%emt 0:00:22]} Qe5 {[%emt 0:00:12]} 36. Qxc6 {[%emt 0:00:14]} h5 {[%emt 0:01:05]} 37. Qd7 {[%emt 0:00:29]} Qf5 {[%emt 0:00:27]} 38. Qf7 {[%emt 0:00:09]} Qd5 {[%emt 0:00:02]} 39. Qd7 {[%emt 0:00:56]} Qf5 {[%emt 0:00:38]} 40. Qe8 {[%emt 0:00:00]} e3 {[%emt 0:00:00]} 41. f3 {[%emt 0:10:47]} h4 {[%emt 0:17:08]} 42. gxh4 {[%emt 0:01:07]} Qa5 {[%emt 0:06:33]} 43. Kg2 {[%emt 0:01:54]} Qa6 {[%emt 0:00:09]} 44. Qh5+ {[%emt 0:01:37]} Kg8 {[%emt 0:00:04]} 45. Qf7+ {[%emt 0:01:31]} Kh7 {[%emt 0:02:13]} 46. Qf5+ {[%emt 0:01:17]} Kg8 {[%emt 0:00:29]} 47. Qd3 {[%emt 0:06:13]} Qxe6 {[%emt 0:00:11]} 48. Qd8+ {[%emt 0:00:07]} Kh7 {[%emt 0:00:12]} 49. Qxc7 {[%emt 0:00:24]} Qg6+ {[%emt 0:01:04]} 50. Kh3 {[%emt 0:01:01]} Qb1 {[%emt 0:03:55]} 51. Qc4 {[%emt 0:02:29]} Qxb2 {[%emt 0:00:53]} 52. Qe4+ {[%emt 0:00:15]} Kh8 {[%emt 0:00:03]} 53. Qxe3 {[%emt 0:00:07]} Qb5 {[%emt 0:00:21]} 54. Qe4 {[%emt 0:00:29]} Qd7+ {[%emt 0:00:10]} 55. Kg3 {[%emt 0:00:12]} Qd6+ {[%emt 0:00:06]} 56. f4 {[%emt 0:00:09]} Qc5 {[%emt 0:00:35]} 57. e3 {[%emt 0:00:53]} Qc1 {[%emt 0:00:31]} 58. Qf3 {[%emt 0:01:07]} Qe1+ {[%emt 0:00:43]} 59. Kh3 {[%emt 0:00:08]} Qc3 {[%emt 0:00:07]} 60. h5 {[%emt 0:00:50]} Qc8+ {[%emt 0:00:16]} 61. Kg3 {[%emt 0:00:20]} Qa6 {[%emt 0:00:41]} 62. e4 {[%emt 0:00:11]} Qb6 {[%emt 0:02:12]} 63. e5 {[%emt 0:00:12]} Qg1+ {[%emt 0:01:48]} 64. Kh3 {[%emt 0:00:08]} Qb1 {[%emt 0:00:05]} 65. f5 {[%emt 0:00:18]} Qe1 {[%emt 0:00:32]} 66. Qf4 {[%emt 0:01:47]} Kh7 {[%emt 0:01:17]} 67. f6 {[%emt 0:01:06]} gxf6 {[%emt 0:00:33]} 68. Qf5+ {[%emt 0:00:09]} Kg8 {[%emt 0:00:09]} 69. Qg6+ {[%emt 0:00:07]} Kf8 {[%emt 0:00:13]} 70. Qxf6+ {[%emt 0:00:13]} Kg8 {[%emt 0:00:03]} 71. h6 {[%emt 0:03:02]} Qc3+ {[%emt 0:01:16]} 72. Kg4 {[%emt 0:01:29]} Qc4+ {[%emt 0:00:42]} 73. Kg5 {[%emt 0:00:41]} Qc1+ {[%emt 0:00:17]} 74. Qf4 {[%emt 0:00:16]} Qc8 {[%emt 0:01:05]} 75. Qg4 {[%emt 0:00:20]} Kh7 {[%emt 0:01:39]} 76. Qf5+ {[%emt 0:00:14]} 1-0

[Event "Budapest Spring Festival 2019"]
[Site "Budapest"]
[Date "2019.04.10"]
[Round "2.37"]
[White "Nomin-Erdene, Davaademberel"]
[Black "Borhy, Marcell"]
[Result "0-1"]
[WhiteElo "2399"]
[BlackElo "2237"]
[Annotator "NA"]
[PlyCount "100"]
[EventDate "2019.04.09"]
[EventType "swiss"]
[EventCountry "HUN"]
[SourceTitle "playchess.com"]
[Source "ChessBase"]
[SourceQuality "1"]
[TimeControl "40/5400+30:1800+30"]

1. e4 {[%emt 0:01:06]} d6 {[%emt 0:00:08]} 2. d4 {[%emt 0:00:21]} Nf6 {[%emt 0:00:13]} 3. Nc3 {[%emt 0:00:14]} e5 {[%emt 0:00:08]} 4. Nf3 {[%emt 0:00:05]} Nbd7 {[%emt 0:00:06]} 5. Bc4 {[%emt 0:00:21]} Be7 {[%emt 0:00:09]} 6. a4 {[%emt 0:00:28]} O-O {[%emt 0:00:35]} 7. O-O {[%emt 0:00:06]} exd4 {[%emt 0:00:59]} 8. Nxd4 {[%emt 0:15:46]} Nb6 {[%emt 0:00:39]} 9. Ba2 {[%emt 0:01:19]} a5 {[%emt 0:00:08]} 10. Re1 {[%emt 0:04:45]} Nfd7 {[%emt 0:03:58]} 11. h3 $11 {[%emt 0:11:09]} Nc5 {[%emt 0:01:07]} 12. Qh5 {[%emt 0:07:52]} Bf6 {[%emt 0:04:07]} 13. Nf3 {[%emt 0:02:25]} g6 {[%emt 0:03:05]} 14. Qh6 {[%emt 0:00:08]} Bg7 {[%emt 0:00:30]} 15. Qf4 {[%emt 0:02:31]} Be6 {[%emt 0:19:07]} 16. Qg3 {[%emt 0:06:35]} Bxa2 {[%emt 0:03:34]} 17. Rxa2 {[%emt 0:00:08]} Bxc3 {[%emt 0:03:28]} 18. bxc3 {[%emt 0:00:09]} f6 {[%emt 0:02:23]} 19. Nd4 {[%emt 0:11:34]} Qe8 {[%emt 0:02:00]} 20. f3 {[%emt 0:00:34]} Nbxa4 {[%emt 0:02:09]} 21. Bh6 {[%emt 0:07:01]} Rf7 {[%emt 0:00:39]} 22. Ra3 {[%emt 0:00:09]} Nb6 {[%emt 0:02:56]} 23. h4 {[%emt 0:00:25]} Nc4 {[%emt 0:00:45]} 24. Raa1 {[%emt 0:00:06]} a4 {[%emt 0:07:51]} 25. h5 {[%emt 0:11:03]} Qe5 {[%emt 0:02:46]} 26. Qg4 {[%emt 0:01:16]} Qxh5 {[%emt 0:00:14]} 27. Qxh5 {[%emt 0:00:03]} gxh5 {[%emt 0:00:04]} 28. Kf2 {[%emt 0:00:04]} Rd7 {[%emt 0:03:15]} 29. Rh1 {[%emt 0:00:23]} Ra5 {[%emt 0:03:52]} 30. Rh3 {[%emt 0:08:57]} Kf7 {[%emt 0:02:17]} 31. Bc1 {[%emt 0:03:38]} Ne6 {[%emt 0:04:09]} 32. Nf5 {[%emt 0:02:09]} Ng7 {[%emt 0:00:45]} 33. Nh6+ {[%emt 0:02:54]} Ke8 {[%emt 0:02:39]} 34. g4 {[%emt 0:00:38]} d5 {[%emt 0:00:57]} 35. exd5 {[%emt 0:00:30]} Rdxd5 {[%emt 0:00:09]} 36. Bf4 {[%emt 0:00:05]} Kd7 {[%emt 0:07:16]} 37. Ng8 {[%emt 0:00:17]} Ra6 {[%emt 0:00:31]} 38. Bh6 {[%emt 0:01:01]} Ne8 {[%emt 0:00:28]} 39. gxh5 {[%emt 0:00:32]} a3 {[%emt 0:02:13]} 40. Rh4 {[%emt 0:00:00]} Ncd6 {[%emt 0:00:00]} 41. Rhh1 {[%emt 0:10:57]} Rb5 {[%emt 0:05:23]} 42. Be3 {[%emt 0:06:26]} Rb2 {[%emt 0:01:31]} 43. Rhc1 {[%emt 0:00:42]} a2 {[%emt 0:00:52]} 44. Ke2 {[%emt 0:02:10]} Nc4 {[%emt 0:07:26]} 45. Bd4 {[%emt 0:01:01]} Na3 {[%emt 0:08:35]} 46. Kd3 {[%emt 0:09:37]} Rd6 {[%emt 0:00:39]} 47. c4 {[%emt 0:02:54]} Rb1 {[%emt 0:02:35]} 48. Ke4 {[%emt 0:00:52]} Rxc1 {[%emt 0:00:28]} 49. Rxc1 {[%emt 0:00:05]} Rxd4+ {[%emt 0:00:37]} 50. Kxd4 {[%emt 0:00:07]} Nb1 {[%emt 0:00:40]} 0-1

[Event "Budapest Spring Festival 2019"]
[Site "Budapest"]
[Date "2019.04.10"]
[Round "2.38"]
[White "Csati, Oliver"]
[Black "Ashwath, R.."]
[Result "0-1"]
[WhiteElo "2221"]
[BlackElo "2388"]
[Annotator "NA"]
[PlyCount "54"]
[EventDate "2019.04.09"]
[EventType "swiss"]
[EventCountry "HUN"]
[SourceTitle "playchess.com"]
[Source "ChessBase"]
[SourceQuality "1"]
[TimeControl "40/5400+30:1800+30"]

1. d4 {[%emt 0:01:32]} Nf6 {[%emt 0:00:29]} 2. c4 {[%emt 0:00:08]} e6 {[%emt 0:00:04]} 3. Nf3 {[%emt 0:00:26]} d5 {[%emt 0:00:05]} 4. Nc3 {[%emt 0:00:27]} Bb4 {[%emt 0:00:07]} 5. Bg5 {[%emt 0:00:42]} Nbd7 {[%emt 0:00:51]} 6. cxd5 {[%emt 0:01:15]} exd5 {[%emt 0:00:23]} 7. e3 {[%emt 0:00:19]} c5 {[%emt 0:00:39]} 8. dxc5 {[%emt 0:01:11]} Qa5 {[%emt 0:01:01]} 9. Rc1 {[%emt 0:00:47]} Ne4 {[%emt 0:04:42]} 10. Qxd5 {[%emt 0:00:22]} Nxc3 {[%emt 0:02:47]} 11. bxc3 {[%emt 0:00:03]} Bxc3+ {[%emt 0:00:57]} 12. Kd1 {[%emt 0:00:28]} O-O {[%emt 0:20:08]} 13. Bc4 {[%emt 0:00:22]} Nf6 {[%emt 0:15:28]} 14. Bxf6 {[%emt 0:00:46]} Bxf6 {[%emt 0:00:25]} 15. Ke2 {[%emt 0:00:50]} Bg4 {[%emt 0:02:49]} 16. Rhd1 {[%emt 0:00:47]} Rad8 {[%emt 0:14:33]} 17. Qxb7 {[%emt 0:04:55]} Rxd1 {[%emt 0:01:00]} 18. Rxd1 {[%emt 0:00:08]} Qxc5 {[%emt 0:00:26]} 19. Qb3 {[%emt 0:00:19]} Qh5 {[%emt 0:11:54]} 20. Rd5 {[%emt 0:33:07]} Qxh2 {[%emt 0:01:48]} 21. Kf1 {[%emt 0:20:29]} Qc7 {[%emt 0:01:41]} 22. Rd2 {[%emt 0:07:05]} h5 {[%emt 0:00:49]} 23. Nd4 {[%emt 0:03:53]} Rb8 {[%emt 0:04:57]} 24. Nb5 {[%emt 0:09:00]} Qh2 {[%emt 0:01:19]} 25. Bxf7+ {[%emt 0:04:11]} Kh8 {[%emt 0:00:33]} 26. f3 {[%emt 0:00:20]} Bxf3 {[%emt 0:03:48]} 27. gxf3 {[%emt 0:03:05]} Qxd2 {[%emt 0:00:02]} 0-1

[Event "Budapest Spring Festival 2019"]
[Site "Budapest"]
[Date "2019.04.10"]
[Round "2.39"]
[White "Bronstein, Or"]
[Black "Juhasz, Barbara"]
[Result "1-0"]
[WhiteElo "2387"]
[BlackElo "2199"]
[Annotator "NA"]
[PlyCount "81"]
[EventDate "2019.04.09"]
[EventType "swiss"]
[EventCountry "HUN"]
[SourceTitle "playchess.com"]
[Source "ChessBase"]
[SourceQuality "1"]
[TimeControl "40/5400+30:1800+30"]

1. d4 {[%emt 0:00:03]} Nf6 {[%emt 0:01:23]} 2. c4 {[%emt 0:00:34]} g6 {[%emt 0:00:25]} 3. Nc3 {[%emt 0:00:17]} Bg7 {[%emt 0:00:42]} 4. e4 {[%emt 0:00:09]} d6 {[%emt 0:00:18]} 5. Be2 {[%emt 0:00:43]} O-O {[%emt 0:00:16]} 6. Be3 {[%emt 0:00:20]} e5 {[%emt 0:00:58]} 7. d5 {[%emt 0:01:57]} a5 {[%emt 0:00:08]} 8. g4 {[%emt 0:00:07]} Na6 {[%emt 0:00:12] E73: King's Indian: Averbakh Variation without 6...c5} 9. h4 {[%emt 0:00:06]} Nc5 {[%emt 0:08:42]} 10. f3 {[%emt 0:00:15]} Nfd7 {[%emt 0:03:04]} (10... h5 11. g5 Nh7 12. Kd2 Bd7 13. Nh3 c6 14. Nf2 cxd5 15. exd5 f5 16. gxf6 Nxf6 17. Bxc5 dxc5 {0-1 (37) Vallejo Pons,F (2705)-Radjabov,T (2741) Palma de Mallorca 2017}) 11. h5 {[%emt 0:02:31]} g5 {[%emt 0:23:44]} 12. Qd2 $146 {[%emt 0:04:02]} ({Predecessor:} 12. h6 Bf6 13. Nh3 Be7 14. Qd2 f6 15. Nf2 Re8 16. Rh2 {½-½ (30) Tsolakidou,S (2279)-Afraoui,A (2014) Porto Carras 2015}) 12... h6 {[%emt 0:02:23]} 13. b3 {[%emt 0:00:02]} Re8 {[%emt 0:00:18]} 14. Nh3 {[%emt 0:00:35]} Bf8 {[%emt 0:06:33]} 15. Nf2 {[%emt 0:01:55]} c6 {[%emt 0:03:05]} 16. O-O {[%emt 0:04:17]} Nf6 {[%emt 0:10:05]} 17. Rab1 {[%emt 0:04:46]} Bd7 {[%emt 0:05:58]} 18. Nh1 {[%emt 0:12:52]} Be7 {[%emt 0:08:44]} 19. Ng3 {[%emt 0:00:51]} Qb8 $16 {[%emt 0:01:37]} 20. Bd1 {[%emt 0:14:29]} Rc8 {[%emt 0:05:45]} 21. Bc2 {[%emt 0:01:55]} Bd8 {[%emt 0:09:19]} 22. a3 {[%emt 0:02:34]} Na6 {[%emt 0:01:00]} 23. Rb2 {[%emt 0:11:40]} Ne8 {[%emt 0:00:36]} 24. Rfb1 {[%emt 0:00:45]} Ng7 {[%emt 0:00:43]} 25. b4 {[%emt 0:00:21]} axb4 {[%emt 0:00:11]} 26. axb4 {[%emt 0:00:02]} cxd5 {[%emt 0:00:51]} 27. exd5 {[%emt 0:02:59]} f5 {[%emt 0:02:16]} 28. gxf5 {[%emt 0:00:55]} Rxc4 {[%emt 0:02:19]} 29. Qd3 {[%emt 0:02:25]} Qc8 {[%emt 0:00:11]} 30. f6 {[%emt 0:00:09]} Bxf6 {[%emt 0:02:04]} 31. Qh7+ {[%emt 0:02:44]} Kf7 {[%emt 0:00:04]} 32. Nce4 {[%emt 0:02:06]} Be7 {[%emt 0:01:02]} 33. Bd3 {[%emt 0:00:24]} Rc7 {[%emt 0:00:52]} 34. Qg6+ {[%emt 0:00:51]} Kg8 {[%emt 0:00:12]} 35. Qxh6 {[%emt 0:00:29]} Bf5 {[%emt 0:00:49]} 36. Bxg5 {[%emt 0:01:10]} Bxg5 {[%emt 0:00:29]} 37. Qxg5 {[%emt 0:00:02]} Bxe4 {[%emt 0:00:29]} 38. Nxe4 {[%emt 0:00:17]} Qd8 {[%emt 0:00:32]} 39. Nf6+ {[%emt 0:00:26]} Kf8 {[%emt 0:00:06]} 40. h6 {[%emt 0:00:00]} Rf7 {[%emt 0:00:00]} 41. h7 {[%emt 0:00:54]} 1-0

[Event "Budapest Spring Festival 2019"]
[Site "Budapest"]
[Date "2019.04.10"]
[Round "2.40"]
[White "Hando, Vilmos"]
[Black "Szalanczi, Emil"]
[Result "1-0"]
[WhiteElo "2382"]
[BlackElo "2184"]
[Annotator "TA"]
[PlyCount "171"]
[EventDate "2019.04.09"]
[EventType "swiss"]
[EventCountry "HUN"]
[SourceTitle "playchess.com"]
[Source "ChessBase"]
[SourceQuality "1"]

{[%evp 14,171,6,17,41,25,72,66,83,66,81,81,67,60,50,50,43,52,57,38,31,31,38,31,32,25,26,27,31,25,29,26,29,-18,16,19,52,0,17,0,0,-19,-20,-43,0,-65,64,-49,-4,-14,-1,0,9,0,23,5,16,11,6,4,10,-118,-110,-117,-99,-108,-106,-109,-40,-39,0,0,0,-62,0,-68,-58,-90,-31,-9,-19,-41,-16,-31,139,139,139,140,152,150,200,189,214,214,211,214,214,218,214,212,212,212,237,141,163,154,145,139,178,105,134,144,141,75,75,76,166,138,265,117,378,346,432,333,745,459,711,708,689,692,587,397,398,305,415,347,341,304,409,364,386,386,679,590,600,570,1047,1004,29979,29980,29980,29981,29984,29985,29986,29987,29988,29989,29989,29990]} 1. d4 Nf6 2. c4 g6 3. Nc3 d5 4. cxd5 Nxd5 5. Bd2 Nb6 6. Bf4 Bg7 7. Nf3 O-O 8. e3 Nc6 {D90: Grünfeld: 4 Nf3 Bg7 sidelines} (8... Be6 9. Be2 c5 10. dxc5 N6d7 11. Nd4 Nxc5 12. Nxe6 Nxe6 13. Bg3 Nc6 14. O-O Nc5 15. Rc1 Bxc3 16. Rxc3 {½-½ (31) Onischuk,A (2681)-Swiercz,D (2654) Saint Louis 2018}) 9. Be2 Be6 10. O-O Rc8 {White is slightly better.} 11. Rc1 Nd5 $146 ({Predecessor:} 11... a6 12. Ne4 Nb4 13. a3 N4d5 14. Bg3 Nf6 15. Nc5 Bd5 16. Nd2 {1-0 (39) Garkauskas,O (2174)-Pereira,J (1912) Sao Paulo 2014}) 12. Bg3 Nxc3 13. bxc3 Na5 14. c4 c5 {Threatening ...cxd4.} 15. d5 Bf5 16. Nh4 Bd7 $1 17. e4 e5 18. Nf3 Qe8 19. Qd2 b6 20. Qc3 {[%cal Rf3e5]} f6 21. Rce1 Nb7 22. Bd3 Nd6 23. Qa3 Qd8 24. Nd2 g5 25. h4 (25. f3 $14) 25... Rc7 26. Be2 Qe8 27. Qd3 Qg6 28. h5 Qe8 29. Qc3 (29. Qe3 $11) 29... Kh8 (29... g4 $15) 30. Kh2 ({White should play} 30. Bh2 $1 $14) 30... Rg8 31. Rh1 Bh6 32. Kg1 Bc8 33. Bd3 Re7 34. Nf1 Qa4 35. Ne3 g4 36. Bh4 Kg7 37. Bc2 (37. Qb3 $11 {remains equal.} Qa5 38. Kh2) 37... Qb4 $1 $17 {[%cal Rb4c3]} 38. Qxb4 cxb4 39. Bd3 Rc7 {[%cal Be7c7,Bc7c5,Bc5a5][%mdl 32]} 40. Kh2 Kf7 (40... Bf4+ $17 41. Kg1 a5) 41. Rb1 $15 Rc5 42. Rxb4 Bd7 43. Nd1 (43. Ra1 $11) 43... Rgc8 (43... Ra5 $1 $15) 44. Nb2 (44. Ne3 $11) 44... Ra5 {[%mdl 1024] Black has compensation.} 45. Ra1 Bf8 (45... Nb7 $17) 46. Rb3 Nb7 47. Bc2 Bc5 48. f3 g3+ $2 (48... Bd4 $15 {stays ahead.} 49. Be1 Rg8 50. fxg4 (50. Bxa5 {leads to mate.} g3+ 51. Kh1 Rg5 52. Re3 Bxe3 53. h6 Rh5#) 50... Ra6) 49. Bxg3 $16 Bd4 50. Be1 Ra6 {[#]} 51. a4 $1 Nc5 52. Rb4 Ra5 53. Ra2 Na6 54. Rb3 Rac5 55. Bd3 R5c7 56. Bf1 Nc5 {[#]} 57. Rba3 $1 f5 58. Nd3 (58. exf5 $18 {aiming for g4.} Bxf5 59. Nd1) 58... fxe4 59. Nxc5 Bxc5 60. Rb3 ({Much weaker is} 60. fxe4 $6 Bxa3 61. Rxa3 Rxc4 $11) 60... e3 61. Bd3 ({Better is} 61. a5 $18) 61... Bd4 62. a5 Rxc4 63. Bxc4 (63. axb6 $142 axb6 64. Bxh7 (64. Bxc4 Rxc4 65. Bh4 Ba4 $16)) 63... Rxc4 64. axb6 axb6 (64... Bxb6 $16 65. Kg3 Rc1) 65. Ra7 $18 Ke8 (65... Ke7 $16) 66. Ra8+ (66. Rba3 $18 {has better winning chances.}) 66... Kf7 $2 {[%mdl 8192]} (66... Ke7 $16 {was worth a try.}) 67. Rba3 b5 68. Rd8 Rc7 $2 (68... Ke7 69. Bh4+ Kd6) 69. Raa8 Bc5 (69... e4 $142 70. fxe4 Be5+ 71. g3 Kf6) 70. Rh8 Bf5 71. g4 Bd3 72. Rhc8 Rxc8 73. Rxc8 {[%mdl 4096] Endgame KRB-KB} Bd6 74. Kg2 b4 {...b3 is the strong threat.} 75. Rc6 Ke7 76. Rb6 e2 77. g5 e4 $2 (77... Bc5) 78. f4 e3 79. Kf3 Bc4 80. Ke4 Ba2 {[#]} 81. Rxd6 $1 {[%mdl 576] Remove Defender. White mates.} Kxd6 82. Bxb4+ Kd7 83. f5 Ke8 84. Ke5 Bb1 85. h6 Kf7 86. d6 {Accuracy: White = 51%, Black = 34%.} 1-0

[Event "Budapest Spring Festival 2019"]
[Site "Budapest"]
[Date "2019.04.11"]
[Round "3.1"]
[White "Nisipeanu, Liviu-Dieter"]
[Black "Raja Harshit"]
[Result "1/2-1/2"]
[WhiteElo "2680"]
[BlackElo "2432"]
[Annotator "TA"]
[PlyCount "87"]
[EventDate "2019.04.09"]
[EventType "swiss"]
[EventCountry "HUN"]
[SourceTitle "playchess.com"]
[Source "ChessBase"]
[SourceQuality "1"]

{[%evp 30,87,37,31,41,6,41,27,21,0,49,22,22,22,22,25,50,47,39,43,53,43,51,44,52,29,30,29,29,29,29,29,30,27,26,0,35,35,35,0,0,0,35,22,36,36,36,36,36,37,37,34,36,36,36,36,36,36,56,36]} 1. d4 Nf6 2. c4 e6 3. g3 d5 4. Bg2 Be7 5. Nf3 O-O 6. Nc3 dxc4 7. Ne5 Nc6 8. Bxc6 bxc6 9. Nxc6 Qe8 10. Nxe7+ Qxe7 11. Qa4 c5 12. dxc5 {E06: Closed Catalan: Early deviations} Qxc5 13. Be3 Qh5 (13... Qc7 14. f3 Nd5 15. Bd4 a5 16. Nxd5 exd5 17. Kf2 Bd7 18. Qa3 a4 19. Rad1 Rfe8 {0-1 (45) Roiz,M (2605)-Nakamura,H (2746) St Petersburg 2018}) 14. O-O-O Bb7 15. f3 Nd5 16. Qa5 {LiveBook: 3 Games} Qh3 $146 ({Predecessor:} 16... Rfe8 17. Bd2 f5 18. Bf4 a6 19. Rd2 Rac8 {½-½ (29) Atalik,E (2445)-Cori Tello,D (2406) Khanty-Mansiysk 2018}) 17. Bd2 Qg2 {Black wants to play ...Nxc3.} 18. Nxd5 Bxd5 19. Rhe1 Qf2 20. e4 Bc6 21. Rf1 Qb6 22. Bc3 Qxa5 23. Bxa5 Rac8 24. Rd6 e5 25. g4 f6 26. h4 {[%cal Bh2h4,Bh4h5][%mdl 32]} Kf7 27. h5 Rfe8 28. Rfd1 Re6 29. Rxe6 Kxe6 $11 {[%mdl 4096] Endgame KRB-KRB} 30. Bb4 Kf7 31. Rd6 Bb5 32. a4 Bc6 33. a5 Rc7 34. Be1 Ke7 35. Bb4 {[#] And now Rxc6+ would win.} Kf7 36. Kc2 Ba4+ 37. Kc3 {White is slightly better.} Rd7 38. Rxd7+ Bxd7 39. Kxc4 $14 {KB-KB} a6 40. Kd3 Bb5+ 41. Ke3 Bd7 42. Bd6 Ke6 43. Bc7 g5 44. hxg6 {Precision: White = 70%, Black = 58%.} 1/2-1/2

[Event "Budapest Spring Festival 2019"]
[Site "Budapest"]
[Date "2019.04.11"]
[Round "3.2"]
[White "Erenberg, Ariel"]
[Black "Onischuk, Vladimir"]
[Result "0-1"]
[WhiteElo "2437"]
[BlackElo "2627"]
[Annotator "TA"]
[PlyCount "82"]
[EventDate "2019.04.09"]
[EventType "swiss"]
[EventCountry "HUN"]
[SourceTitle "playchess.com"]
[Source "ChessBase"]
[SourceQuality "1"]

{[%evp 18,82,9,9,26,33,23,5,18,-10,0,-33,-2,-63,-51,-60,-66,-121,-118,-154,-170,-192,-205,-212,-193,-201,-214,-206,-206,-281,-263,-266,-262,-258,-254,-321,-258,-237,-237,-217,-221,-295,-295,-329,-299,-416,-353,-396,-391,-389,-376,-389,-369,-366,-356,-426,-441,-429,-436,-408,-392,-408,-404,-395,-392,-365,-304]} 1. d4 d6 2. Nf3 g6 3. g3 Bg7 4. Bg2 Nf6 5. c4 O-O 6. O-O c6 7. Nc3 a6 8. a4 a5 9. e4 Na6 10. h3 Nd7 {E62: King's Indian: Fianchetto: 6...c6 and Panno Variation (6...Nc6) without ...a6} (10... Nb4 11. Re1 Nd7 12. Be3 e5 13. Qe2 Re8 14. Rad1 Qe7 15. b3 exd4 16. Bxd4 Ne5 17. Rd2 Be6 18. Red1 {1-0 (43) Bu,X (2705)-Onischuk,V (2601) Doha 2016}) 11. Bg5 Re8 12. Re1 Qb6 $146 {The position is equal.} ({Predecessor:} 12... Qc7 13. Re2 Nb4 14. Rc1 e5 15. Rd2 {½-½ (15) Petrosian,T-Bilek,I Nice 1974}) 13. Qd2 e5 {[%cal Re5d4]} 14. Be3 {White wants to play dxe5.} Qb4 15. Qe2 (15. d5 $11) 15... exd4 $15 16. Nxd4 Nac5 17. Rad1 ({White should try} 17. Rab1 $15) 17... Nb6 $17 18. Qc2 Nxc4 19. Na2 Nxe3 20. Rxe3 Qb6 21. Nc3 Bd7 22. Nde2 Be6 {[#] And now ...Bb3 would win.} 23. Rxd6 Be5 24. Rd2 Bb3 25. Qc1 Rad8 26. Rf3 Rxd2 27. Qxd2 Qd8 28. Qc1 Qd6 29. Kh2 Rd8 30. Qg5 f6 31. Qh6 Bf7 32. Qe3 b6 33. Qc1 Qd2 34. Bf1 Qxc1 35. Nxc1 Rd2 36. b3 Rc2 37. N3e2 Nxe4 {White must now prevent ...Nd2.} 38. Kg1 Nc5 {Black is winning.} 39. Re3 Kf8 40. Nd3 Nxd3 41. Rxd3 Bd5 {Accuracy: White = 37%, Black = 75%.} 0-1